|
|
|
|
| LEADER |
01331nam a2200373Ia 4500 |
| 001 |
EBC547182 |
| 003 |
MiAaPQ |
| 005 |
20200520144314.0 |
| 006 |
m o d | |
| 007 |
cr cn||||||||| |
| 008 |
100521s2010 nju s 001 0 eng d |
| 010 |
|
|
|z 2010021337
|
| 020 |
|
|
|z 9780470587157 (hardback)
|
| 035 |
|
|
|a (MiAaPQ)EBC547182
|
| 035 |
|
|
|a (Au-PeEL)EBL547182
|
| 035 |
|
|
|a (CaPaEBR)ebr10399050
|
| 035 |
|
|
|a (CaONFJC)MIL265399
|
| 035 |
|
|
|a (OCoLC)656365669
|
| 040 |
|
|
|a MiAaPQ
|c MiAaPQ
|d MiAaPQ
|
| 050 |
|
4 |
|a HF5415.1255
|b .W55 2010
|
| 082 |
0 |
4 |
|a 658.8/27
|2 22
|
| 100 |
1 |
|
|a Williams, Tim,
|d 1954-
|
| 245 |
1 |
0 |
|a Positioning for professionals
|h [electronic resource] :
|b how professional knowledge firms can differentiate their way to success /
|c Tim Williams.
|
| 260 |
|
|
|a Hoboken, N.J. :
|b Wiley,
|c c2010.
|
| 300 |
|
|
|a xix, 188 p.
|
| 490 |
1 |
|
|a Wiley advisor
|
| 500 |
|
|
|a Includes index.
|
| 533 |
|
|
|a Electronic reproduction. Ann Arbor, MI : ProQuest, 2015. Available via World Wide Web. Access may be limited to ProQuest affiliated libraries.
|
| 650 |
|
0 |
|a Branding (Marketing)
|
| 650 |
|
0 |
|a Success in business.
|
| 655 |
|
4 |
|a Electronic books.
|
| 710 |
2 |
|
|a ProQuest (Firm)
|
| 830 |
|
0 |
|a Wiley advisor.
|
| 856 |
4 |
0 |
|u https://ebookcentral.proquest.com/lib/matrademy/detail.action?docID=547182
|z Click to View
|